Gold diggers / (Record no. 48135)
| 000 -LEADER | |
|---|---|
| fixed length control field | 00785cam a2200181 i 4500 |
| 001 - CONTROL NUMBER | |
| control field | 21530687 |
| 005 - DATE AND TIME OF LATEST TRANSACTION | |
| control field | 20260128125605.0 |
| 008 - FIXED-LENGTH DATA ELEMENTS--GENERAL INFORMATION | |
| fixed length control field | 200515s2021 nyu 000 1 eng |
| 020 ## - INTERNATIONAL STANDARD BOOK NUMBER | |
| International Standard Book Number | 9781984882059 |
| Qualifying information | (paperback) |
| 100 1# - MAIN ENTRY--PERSONAL NAME | |
| Personal name | Sathian, Sanjena, |
| Relator term | author. |
| 9 (RLIN) | 85883 |
| 245 10 - TITLE STATEMENT | |
| Title | Gold diggers / |
| Statement of responsibility, etc | Sanjena Sathian. |
| 260 ## - PUBLICATION, DISTRIBUTION, ETC. (IMPRINT) | |
| Place of publication, distribution, etc | USA: |
| Name of publisher, distributor, etc | Penguin Books; |
| Date of publication, distribution, etc | 2022. |
| 300 ## - PHYSICAL DESCRIPTION | |
| Extent | 344 pages ; |
| Dimensions | 24 cm |
| 520 ## - SUMMARY, ETC. | |
| Summary, etc | "An Indian-American serio-comic and magical realist epic love story about the perils of ambition, tracing the mysterious alchemy of its characters' transformation from high school in an Atlanta suburb through young adulthood in the Bay Area"-- |
| 650 #0 - SUBJECT ADDED ENTRY--TOPICAL TERM | |
| Topical term or geographic name as entry element | East Indian Americans. Magic realism (Literature). |
| Form subdivision | Fiction. |
| 9 (RLIN) | 85884 |
| 655 ## - INDEX TERM--GENRE/FORM | |
| Genre/form data or focus term | Fantasy. |
| 9 (RLIN) | 56253 |
| 942 ## - ADDED ENTRY ELEMENTS (KOHA) | |
| Source of classification or shelving scheme | |
| Koha item type | YA FIC BOOKS |
| Withdrawn status | Lost status | Source of classification or shelving scheme | Damaged status | Not for loan | Collection code | Home library | Current library | Shelving location | Date acquired | Total Checkouts | Full call number | Barcode | Date last seen | Date checked out | Price effective from | Koha item type |
|---|---|---|---|---|---|---|---|---|---|---|---|---|---|---|---|---|
| SECONDARY | Asian Hope Secondary Library | Asian Hope Secondary Library | SECONDARY | 01/09/2025 | 1 | YA FIC SAT | 207429 | 01/16/2026 | 04/29/2025 | 01/09/2025 | YA FIC BOOKS |